000 00505nam a2200157 a 4500
001 19
003 CDMR
005 20130927125350.0
008 130130s ||||||||||||||||||||||||||||d
040 _aCDMR
_bcat
_cCDMR
100 1 _aFigueres i Artigues, Josep Maria
_913
245 1 3 _aLa Veu de Catalunya (1899-1937)
_b: aproximació i materials sobre la història del diari català de més llarga vida
_cJosep M. Figueres
260 _a[s.l.
_cs.d]
610 2 _9955
_aLa Veu de Catalunya
_xHistòria
942 _cMON
_2udc
999 _c19
_d19